00442nam a2200157Ia 4500003000400000005001700004008004100021040000900062082001800071100002800089245005900117260004200176300000900218942004200227999001500269OSt20200114125611.0190216s9999||||xx |||||||||||||| ||und|| coclc a657.42bKHA/A aKhanna, Bhagwan S91182 0aAdvanced Practical Cost Accounting /cBhagwan S Khanna bS Chand & Company,c1989.aNew Delhi: a727p cBK2ddch657.42iKHA/Ak657.42mKHA/A c5462d5462